| Tag |
First Indicator |
Second Indicator |
Subfields |
| LEADER |
00000cam a22000008i 4500 |
| 001 |
in00000498121 |
| 005 |
20151013062438.0 |
| 008 |
760408s1976 onc 00100 eng |
| 010 |
|
|
|a 76010704
|
| 020 |
|
|
|a 0802022472 :
|c $10.00.
|
| 020 |
|
|
|a 0802062938 (pbk. :)
|c $5.00
|
| 035 |
|
|
|a (OCoLC)02151093
|
| 035 |
|
|
|9 ACD2725AM
|
| 040 |
|
|
|a DLC
|c DLC
|d TXA
|d UtOrBLW
|
| 049 |
|
|
|a [Hum] TXAM
|c [1232483]
|
| 050 |
0 |
0 |
|a Z286.S37
|b T53
|
| 082 |
0 |
|
|a 808/.025
|
| 245 |
0 |
4 |
|a The Thesis and the book /
|c edited by Eleanor Harman and Ian Montagnes.
|
| 264 |
|
1 |
|a Toronto ;
|a Buffalo :
|b University of Toronto Press,
|c [1976]
|
| 300 |
|
|
|a 88 pages ;
|c 25 cm.
|
| 336 |
|
|
|a text
|b txt
|2 rdacontent
|
| 337 |
|
|
|a unmediated
|b n
|2 rdamedia
|
| 338 |
|
|
|a volume
|b nc
|2 rdacarrier
|
| 504 |
|
|
|a Includes bibliographical references and index.
|
| 650 |
|
0 |
|a Scholarly publishing.
|
| 650 |
|
0 |
|a Dissertations, Academic.
|
| 700 |
1 |
|
|a Harman, Eleanor.
|
| 700 |
1 |
|
|a Montagnes, Ian.
|
| 999 |
|
|
|a MARS
|
| 999 |
f |
f |
|s 81c7883c-8748-3d45-b481-4159065bec35
|i 5276aa62-e4c0-30be-aab8-90eabf14aeaa
|t 0
|
| 952 |
f |
f |
|p ric
|a Texas A&M University
|b Rellis Campus
|c Joint Library Facility
|d Remote Storage
|t 0
|e Z286.S37 T53
|h Library of Congress classification
|i unmediated -- volume
|m A14805727840
|
| 998 |
f |
f |
|a Z286.S37 T53
|t 0
|l Remote Storage
|